书目信息 |
| 题名: |
区域大气污染防治多维成本效应评估技术研究
|
|
| 作者: | 马国霞 , 周颖 , 曹国志 著 | |
| 分册: | ||
| 出版信息: | 北京 中国环境出版集团 2022.04 |
|
| 页数: | 285页 | |
| 开本: | 26cm | |
| 丛书名: | ||
| 单 册: | ||
| 中图分类: | X51 | |
| 科图分类: | ||
| 主题词: | 空气污染--kong qi wu ran--污染防治--研究 | |
| 电子资源: | ||
| ISBN: | 978-7-5111-5018-9 | |
| 000 | 01158nam0 2200241 450 | |
| 001 | 011025153356 | |
| 005 | 20221025153356.0 | |
| 010 | @a978-7-5111-5018-9@dCNY96.00 | |
| 100 | @a20201004d2022 em y0chiy0110 ea | |
| 101 | 0 | @achi |
| 102 | @aCN@b110000 | |
| 105 | @aa z 000yy | |
| 106 | @ar | |
| 200 | 1 | @a区域大气污染防治多维成本效应评估技术研究@Aqu yu da qi wu ran fang zhi duo wei cheng ben xiao ying ping gu ji shu yan jiu@f马国霞, 周颖, 曹国志等著 |
| 210 | @a北京@c中国环境出版集团@d2022.04 | |
| 215 | @a285页@c图@d26cm | |
| 330 | @a本书从区域大气复合污染控制和大气重污染应急管理两方面,建立污染物、污染源、控制技术和企业规模多维度的大气污染控制和环境管理费效分析评估技术体系。基于大数据样本和公众、企业调查,构建大气复合污染脱硫和除尘成本函数,脱硝与VOCs去除成本矩阵、重污染应急成本矩阵;利用Meta分析方法,构建长期和短期的大气污染与人体健康的剂量-反应关系;通过支付意愿调查,进行环境健康效益关键参数统计生命价值计算。 | |
| 606 | 0 | @a空气污染@Akong qi wu ran@x污染防治@x研究 |
| 690 | @aX51@v5 | |
| 701 | 0 | @a马国霞@Ama guo xia@4著 |
| 701 | 0 | @a周颖@Azhou ying@4著 |
| 701 | 0 | @a曹国志@Acao guo zhi@4著 |
| 905 | @a河南城建学院图书馆@dX51@eM058 | |
| 区域大气污染防治多维成本效应评估技术研究/马国霞, 周颖, 曹国志等著.-北京:中国环境出版集团,2022.04 |
| 285页:图;26cm |
| ISBN 978-7-5111-5018-9:CNY96.00 |
| 本书从区域大气复合污染控制和大气重污染应急管理两方面,建立污染物、污染源、控制技术和企业规模多维度的大气污染控制和环境管理费效分析评估技术体系。基于大数据样本和公众、企业调查,构建大气复合污染脱硫和除尘成本函数,脱硝与VOCs去除成本矩阵、重污染应急成本矩阵;利用Meta分析方法,构建长期和短期的大气污染与人体健康的剂量-反应关系;通过支付意愿调查,进行环境健康效益关键参数统计生命价值计算。 |
| ● |
| 相关链接 |
|
|
|
正题名:区域大气污染防治多维成本效应评估技术研究
索取号:X51/M058
 
预约/预借
| 序号 | 登录号 | 条形码 | 馆藏地/架位号 | 状态 | 备注 |
| 1 | 1587811 | 215878110 | 自科库501/501自科库 68排6列2层/ [索取号:X51/M058] | 在馆 |